000 00601nam a2200229 a 4500
001 000046061
003 OSt
005 20240313073817.0
008 150616s2003 dr 000 0 spa d
020 _z9993429
040 _aDO-SdBNP
_bspa
_cBNPHU
082 _axxxx
_bC697T
100 1 _aCollado, Lipe,
_d1947-
_979819
245 1 0 _aTrujillo, su vida, su era /
_cLipe Collado.
260 _aSanto Domingo :
_bCollado,
_c2003.
300 _a85 p. ;
_c18 cm.
490 1 _aBiografĂ­a
590 _aInventariado, 2020/ YL
830 0 _aBiografĂ­a
_954122
910 _aYLockward
942 _2ddc
_cLBS1
999 _c45550
_d45550